Economic institutional change in Tokugawa Japan

保存先:
書誌詳細
第一著者: Hauser, William B.
フォーマット: 図書
言語:Undetermined
出版事項: London Cambridge University Press 1974
主題:
タグ: タグ追加
タグなし, このレコードへの初めてのタグを付けませんか!
Thư viện lưu trữ: Trung tâm Học liệu Trường Đại học Cần Thơ
LEADER 00522nam a2200193Ia 4500
001 CTU_96364
008 210402s9999 xx 000 0 und d
082 |a 381 
082 |b H376 
100 |a Hauser, William B. 
245 0 |a Economic institutional change in Tokugawa Japan 
245 0 |c William B. Hauser 
260 |a London 
260 |b Cambridge University Press 
260 |c 1974 
650 |a Cotton trade 
650 |z Japan 
904 |i Tuyến 
980 |a Trung tâm Học liệu Trường Đại học Cần Thơ